书目信息 |
| 题名: |
变革中的稳健
|
|
| 作者: | ;北京大学 编 | |
| 分册: | 北大CCISSR论坛文集·2005 | |
| 出版信息: | 北京 北京大学出版社 2005 |
|
| 页数: | 385页 | |
| 开本: | 23cm | |
| 丛书名: | ||
| 单 册: | ||
| 中图分类: | F842.61-53 | |
| 科图分类: | ||
| 主题词: | 社会保险--中国--文集 , 社会保险 | |
| 电子资源: | ||
| ISBN: | 7-301-09848-0 | |
| 000 | 01300nam0 2200265 450 | |
| 001 | 012007064993 | |
| 005 | 20070522172713.10 | |
| 010 | @a7-301-09848-0@dCNY45.00 | |
| 100 | @a20070516d2005 km y0chiy0120 ea | |
| 101 | 0 | @achi |
| 102 | @aCN@b110000 | |
| 105 | @ay z 000yy | |
| 106 | @ar | |
| 200 | 1 | @a变革中的稳健@Abian ge zhong de wen jian@e保险、社会保障与经济可持续发展@h北大CCISSR论坛文集·2005@f北京大学中国保险与社会保障研究中心(CCISSR)编@Fbei jing da xue zhong guo bao xian yu she hui bao zhang yan jiu zhong xin(CCISSR)bian |
| 210 | @a北京@c北京大学出版社@d2005 | |
| 215 | @a385页@d23cm | |
| 300 | @a韩国KYOBO教保生命保险株式会社资助出版北大赛瑟论坛 | |
| 330 | @a本书收录了第二届“北大CCISSR(赛瑟)论坛”主题演讲人的发言,同时从入选论文中精选出若干篇具有较高学术价值或创新理论的优秀作品。主要讨论了变革、稳健与发展;社会保障与养老保险;保险市场与保险业发展;保险公司经营与管理等四大部分的内容。 | |
| 517 | 1 | @a保险、社会保障与经济可持续发展@Abao xian、she hui bao zhang yu jing ji ke chi xu fa zhan |
| 606 | 0 | @a社会保险@y中国@j文集 |
| 606 | 0 | @a社会保险 |
| 690 | @aF842.61-53@v4 | |
| 711 | 02 | @a北京大学@Abei jing da xue zhong guo bao xian yu she hui bao zhang yan jiu zhong xin@b中国保险与社会保障研究中心@4编 |
| 801 | 0 | @aCN@bRULIN@c20070522 |
| 905 | @dF842.61-53@e28@s8 | |
| 变革中的稳健:保险、社会保障与经济可持续发展.北大CCISSR论坛文集·2005/北京大学中国保险与社会保障研究中心(CCISSR)编.-北京:北京大学出版社,2005 |
| 385页;23cm |
| 韩国KYOBO教保生命保险株式会社资助出版北大赛瑟论坛 |
| ISBN 7-301-09848-0:CNY45.00 |
| 本书收录了第二届“北大CCISSR(赛瑟)论坛”主题演讲人的发言,同时从入选论文中精选出若干篇具有较高学术价值或创新理论的优秀作品。主要讨论了变革、稳健与发展;社会保障与养老保险;保险市场与保险业发展;保险公司经营与管理等四大部分的内容。 |
| ● |
| 相关链接 |
|
|
|
|
正题名:变革中的稳健
索取号:F842.61-53/28
 
预约/预借
| 序号 | 登录号 | 条形码 | 馆藏地/架位号 | 状态 | 备注 |
| 1 | 0580401 | 205804012 | 第一样本阅览室/ [索取号:F842.61-53/28] | 在馆 | |
| 2 | 0580402 | 205804021 | 第一借阅区/ [索取号:F842.61-53/28] | 在馆 | |
| 3 | 0580403 | 205804030 | 密集书库/ [索取号:F842.61-53/28] | 在馆 | |
| 4 | 0580404 | 205804049 | 第一借阅区/ [索取号:F842.61-53/28] | 在馆 | |
| 5 | 0580405 | 205804058 | 第一借阅区/ [索取号:F842.61-53/28] | 在馆 | |
| 6 | 0580406 | 205804067 | 密集书库/ [索取号:F842.61-53/28] | 在馆 | |
| 7 | 0580407 | 205804076 | 密集书库/ [索取号:F842.61-53/28] | 在馆 | |
| 8 | 0580408 | 205804085 | 第一借阅区/ [索取号:F842.61-53/28] | 在馆 |